000 00610nam a2200217 i 4500
001 bg
100 1 _aJACUKOWICZ, Zofia
245 1 0 _aSkuteczny system wynagradzania w firmie /
_cZofia Jacukowicz.
260 _aGdańsk :
_bOśrodek Doradztwa i Doskonalenia Kadr,
_c2001.
300 _a140 s. ;
_c24 cm.
504 _aBibliogr.
650 9 _aPłaca
_xpolityka
650 9 _aPrzedsiębiorstwo
_xfinanse
_xzarządzanie
020 _a8371870027
040 _cBPK
041 0 _apol
080 _a658.14/.17.012:331.2
920 _a83-71870-02-7
942 _cKS
008 s pl f |000 0 pol
999 _c42779
_d42779
856 _uhttp://koha.tu.koszalin.pl/cgi-bin/koha/opac-detail.pl?biblionumber=42779
_yKatalog online BPK